| 000 | 00536cam a22001697a 4500 | ||
|---|---|---|---|
| 008 | 180718b2005 xxu||||| |||| 00| 0 eng d | ||
| 020 | _a8186641327 | ||
| 082 | _aL1x54 M473 | ||
| 100 | _aMehta, Aasha Kapur | ||
| 245 |
_aBudget: a gender and poverty sensitive perspective _cby Aasha Kapur Mehta...[et.al.] |
||
| 260 |
_aDelhi _bIndian Institute of Public Administration _c2005 |
||
| 300 | _a82p. | ||
| 650 | _aWomen - Finance | ||
| 650 | _aPoverty - Economic aspects | ||
| 650 | _aFinance, Public - India | ||
| 650 | _aBudget - India | ||
| 999 |
_c493265 _d493265 |
||